00792 2200205 4500001002100000005001700021008004100038035002400079040001200103082001500115090002000130100001100150245024100161260005200402300002700454500004200481650003300523850001200556990001800568INLIS00000000002284320160921134856.0  0010-091600000000615 aYOPDYOG 223a657.07 aSK 657.07 Nur H aNURINI aHubungan antara minat belajar akuntansi keuangan dan kemandirian belajar akuntansi keuangan dengan prestasi belajar akuntansi keuangan siswa kelas II Program Keahlian Akuntansi SMK Muhammadiyah 2 Moyudan tahun ajaran 2004/2005c/ Nurini aYogyakartabUniversitas Negeri Yogyakartac2005 axiv, 81 hlm.c; 30 cm. aSkripsi Universitas Negeri Yogyakarta aAkuntansi - Ujian, Soal, dsb aYOPDYOG a45661-PD/A.12